Mathematical Programming <a> Publication of the Mathematical Programming

Na minha lista:
Detalhes bibliográficos
Formato: Periódico
Idioma:inglês
Publicado em: Amsterdam Norh-Holland 1986
Tags: Adicionar Tag
Sem tags, seja o primeiro a adicionar uma tag!

MARC

LEADER 00000nas2a2200000 4500
001 s034113
005 20250730114144.8
041 0 |a eng 
044 |a NL 
245 1 0 |a Mathematical Programming  |b <a> Publication of the Mathematical Programming 
264 1 |a Amsterdam  |b Norh-Holland  |c 1986 
300 |a 3 zv. 
773 0 |w eu_un_cat*s120453